El entierro del Conde de Orgaz de El Greco

Guardat en:
Dades bibliogràfiques
Autor principal: Neumeyer, Alfred (autor)
Format: Llibre
Idioma:espanyol
Publicat: Cuenca Ediciones Cero Ocho 1981
Col·lecció:Obras Maestras del Arte Universal, 3
Matèries:
Etiquetes: Afegir etiqueta
Sense etiquetes, Sigues el primer a etiquetar aquest registre!

MARC

LEADER 00000cam a2200000 a 4500
001 UCF8757
003 CL-VaPUC
008 131004e19810000sp |||||||||||||||||spa|d
082 0 4 |a 759.03  |b NEU  |2 21 
100 |a Neumeyer, Alfred  |e autor  |9 346826 
245 1 3 |a El entierro del Conde de Orgaz de El Greco 
300 |a 36 p 
942 |c BK 
945 |d 20131004 22:02:00  |a dcastane 
260 |a Cuenca  |b Ediciones Cero Ocho  |c 1981 
600 0 |a El Greco   |9 341177 
650 0 |a Pintores españoles  |9 315216 
650 0 |a Pintura española   |9 315217 
650 0 |a Crítica e interpretación   |9 255042 
650 0 |a Pintura renacentista  |9 266314 
583 |a last modification  |c 20131004 22:02:00  |k Rodrigo Vera 
490 0 |a Obras Maestras del Arte Universal, 3 
999 |c 353314  |d 353312 
952 |0 0  |1 0  |3 erb  |4 0  |6 759_030000000000000_NEU_1981  |7 0  |8 A  |9 458452  |a BIBART  |b BIBART  |d 2019-11-23  |i 5010365  |o 759.03 NEU 1981  |p 5010365  |r 2025-03-13  |w 2019-11-23  |y BK  |z Catalogado en:20131004  |k ART